000 00493cam a2200181 4500
001 D10258
008 090401t1976 xxu||||| |||| 00| 0 eng d
035 _a(Sirsi) u94575
041 _aeng
050 _a690.24
100 _aBower, Adam Robert
245 4 _aThe preservation, maintenance and improvement of buildings
260 _c1976
350 _a0
520 _aIn: RICS. "Managing the nation`s land resources": annual conference...1976 1976/6
942 _n0
948 _c04/03/1997
999 _c98085
_d98085